000
00314nam a22001217a 4500
999
_c
534186
_d
534186
040
_c
MSOHAIL
082
_a
891.4393
100
_a
Umaira Ahmad
_9
2510
245
_a
حسنہ اور حسن آراء / Husna aur Husan Aara
260
_a
Lahore
_b
Ilm o Irfan Publications
_c
c2010
300
_a
160;p
942
_2
ddc
_c
BK